| 000 | 00619nam a22001817a 4500 | ||
|---|---|---|---|
| 003 | JO-AjAnu | ||
| 005 | 20250930090544.0 | ||
| 008 | 250928b jo ||||| |||| 00| 0 ara d | ||
| 040 |
_aanu _cJO-AjAnu |
||
| 041 | _hara | ||
| 100 |
_aأيوب، مها محمد _eمؤلف _966660 |
||
| 245 |
_aخلافة الدولة والآثار المترتبة عليها / _cمها محمد ابوب |
||
| 250 | _aط1 | ||
| 260 |
_aالقاهرة : _bدار وليد للنشر والتوزيع والبرمجيات؛ _c 2021 |
||
| 300 | _a352 صفحة | ||
| 650 | _vالقانون الدولي العام | ||
| 942 |
_2lcc _cBK _n0 |
||
| 999 |
_c33988 _d33988 |
||